Procesy tvorby pracovných miest v podnikoch ako kľúčové činnosti v personálnom marketingu a v personálnom manažmente

Procesy vytvárania pracovných miest v podnikoch ako kľúčové činnosti personálneho marketingu a manžmentu. Inovatívne prístupy tvorby pracovných miest. Vzťah tvorby a analýzy pracovných miest k ďalším personálnym činnostiam.

Guardado en:
Detalles Bibliográficos
Autor principal: Krásna, Slávka
Formato: Capítulo de libro
Lenguaje:eslovaco
Materias:
Etiquetas: Agregar Etiqueta
Sin Etiquetas, Sea el primero en etiquetar este registro!

MARC

LEADER 00000naa$a2200000$$$4500
001 0238851
005 20220805073707.2
041 0 |a slo 
044 |a SK 
245 1 0 |a Procesy tvorby pracovných miest v podnikoch ako kľúčové činnosti v personálnom marketingu a v personálnom manažmente  |c Slávka Krásna 
520 |a Procesy vytvárania pracovných miest v podnikoch ako kľúčové činnosti personálneho marketingu a manžmentu. Inovatívne prístupy tvorby pracovných miest. Vzťah tvorby a analýzy pracovných miest k ďalším personálnym činnostiam. 
610 2 0 |a marketing personálny 
610 2 0 |a manažment personálny 
610 2 0 |a podnik 
610 2 0 |a miesta pracovné 
100 1 |a Krásna, Slávka